000 00496nam a2200217Ia 4500
003 OSt
005 20221006141407.0
006 a|||||r|||| 00| 0
007 ta
008 221006b |||||||| |||| 00| 0 eng d
024 _a2,075
037 _cTextual
040 _aEASL
_cEASL
_beng
041 _2eng
_aeng
082 _aP42, 111L3
245 0 _aJapanese for today
260 _c1973
300 _ap.
_ccm.
942 _hP42, 111L3
_cTEXL
_2CC
999 _c1070161
_d1070161